|
|
|
|
| LEADER |
00000cam a2200000 7i4500 |
| 001 |
0000009847 |
| 002 |
000010724 |
| 005 |
20000330.0 |
| 020 |
|
|
|a 0861888723
|
| 090 |
0 |
0 |
|a 646.72088042
|b JAC
|
| 100 |
1 |
|
|a Jackson, Carole
|
| 245 |
1 |
0 |
|a Colour me beautiful make-up book :
|b discover your natural beauty through colour
|c Carole Jackson
|
| 260 |
|
|
|a London :
|b Judy Piatkus (Publishers) Ltd. ,
|c 1988
|
| 300 |
|
|
|a 186p. :
|b ill. ;
|c 25cm.
|
| 650 |
0 |
0 |
|a Beauty, Personal
|
| 650 |
0 |
0 |
|a Cosmetics
|
| 650 |
0 |
0 |
|a Skin
|x Care and hygiene
|
| 999 |
|
|
|a 043116
|b BUKU
|c PINJAMAN
|e PERPUSTAKAAN KOMUNITI PETALING JAYA
|
| 999 |
|
|
|a 043117
|b BUKU
|c PINJAMAN
|e PERPUSTAKAAN KOMUNITI PETALING JAYA
|